000 00458nam a2200193Ia 4500
999 _c54859
_d54859
003 0100
005 20180228124034.0
008 130303s9999 xx 000 0 und d
040 _cARRUPELIB
050 _aDT779.8.S6S5 1952
100 _aSmuts, Jan Christiaan
_939792
245 _aJan Christian Smuts:
_ba biography /
260 _aNew York
_bWilliam Morrow and Company
_c1952
300 _axiv
300 _b 496p. 24cm.
650 _aSmuts, Jan Christiaan
_939792
700 _aSmuts, J. C.
_939793
942 _2lcc
_cMONOGRAPH